00779nam a2200217Ia 450000500170000000800460001702000180006303700130008104000200009404100130011408400240012710000200015124500430017126000610021430000150027536500130029054600900030394200220039399900210041595201250043620260415173420.0008 250505s9999 xx 000 0 eng d a81-89253-00-X aTextBook aFEDLbengcFEDL aeng2eng a001.422 GAR/RqFEDL aGarrett Henry E 0aStatistics in psychology and education aNew Delhi, IndiabParagon International Publishersc1966 axii, 491p. aINRb175 aAcc.No. 91195 is gifted book and acc. no. 94242 is gifted by Nidhi Goel ( Rs. 150.00) cTBh001.422 GAR/R c1400240d1400240 00104070aFEDLbFEDLd2025-05-08g175.00l4o001.422 GAR/RpEL0094242r2026-05-04 10:54:47s2026-04-27w2025-05-08yTB